Größte deutsche Städte östlich der Elbe - Statistiken

Allgemein
  • Dieses Quiz wurde 200 mal gespielt
  • Das Durchschnittsergebnis liegt bei 13 aus 18
Antwortstatistiken
Einwohner Stadt % Korrekt
3.755.251 Berlin
100%
185.750 Potsdam
95%
1.892.122 Hamburg
92%
209.920 Rostock
92%
99.515 Cottbus
90%
98.596 Schwerin
88%
247.717 Kiel
83%
218.095 Lübeck
79%
58.230 Frankfurt (Oder)
77%
63.989 Neubrandenburg
70%
73.609 Brandenburg
69%
56.574 Görlitz
69%
92.550 Flensburg
68%
59.691 Greifswald
67%
59.363 Stralsund
65%
79.502 Neumünster
47%
81.880 Norderstedt
32%
50.772 Elmshorn
22%
Keine übereinstimmenden Quizze gefunden
Verteilung der Resultate
Anzahl Personen mit jedem Resultat
Perzentil nach korrekt beantworteten Fragen
Ihre Resultats-Entwicklung
Sie haben dieses Quiz noch nicht gespielt